Quiz - Statistics

General Stats
  • This quiz has been taken 2 times
  • The average score is 7 of 13
Answer Stats
Hint Answer % Correct
Number of elements of the Periodic Table 118
100%
How many moon does Mars have? 2
100%
Highest grossing film of all time Avatar
100%
Capital of Republic of Ireland Dublin
100%
Biggest country by land mass Russia
100%
First emperor of Rome Augustus Caesar
50%
2008 Summer Olympics host Beijing
50%
Largest human organ Skin
50%
Number of keys in piano 88 Keys
0%
Greek goddess of war Athena
0%
Director of The Dark Knight Christopher Nolan
0%
Smallest bone in the human body Stapes
0%
Longest river on Earth The Nile River
0%
No matching quizzes found
Score Distribution
Percent of People with Each Score
Percentile by Number Answered
Your Score History
You have not taken this quiz